Test your luck! - Statistics

General Stats
  • This quiz has been taken 53 times
  • The average score is 4 of 15
Answer Stats
Question Answer % Correct
Choose from below! 25%
43%
Choose from below! 25%
36%
Choose from below! 25%
36%
Choose from below! 25%
36%
Choose from below! 25%
36%
Choose from below! 25%
29%
Choose from below! 25%
29%
Choose from below! 33%
29%
Choose from below! 25%
21%
Choose from below! 25%
21%
Choose from below! 25%
14%
Choose from below! 25%
14%
Choose from below! 25%
14%
Choose from below! 50%
14%
Choose from below! SUS ;) 25%
7%
No matching quizzes found
Score Distribution
Percent of People with Each Score
Percentile by Number Answered
Your Score History
You have not taken this quiz